[Event "BL 2016-17"]
[Site "Berlin"]
[Date "2017.05.01"]
[Round "15"]
[White "Commercon, Simon"]
[Black "L'Ami, Erwin"]
[Result "0-1"]
[WhiteElo "2285"]
[BlackElo "2614"]
[Annotator "TA"]
[PlyCount "98"]
[EventDate "2017.??.??"]
[EventType "team-tourn"]
[EventCountry "GER"]
[SourceTitle "playchess.com"]
[Source "ChessBase"]
[SourceQuality "1"]
[WhiteTeam "Speyer-Schwegenheim"]
[BlackTeam "Solingen"]

{[%evp 11,97,27,28,2,10,-11,4,0,0,8,4,-17,4,2,2,2,6,0,0,-34,-33,-37,-15,-23,-7,-26,-8,-36,0,0,0,-7,0,0,0,-4,-4,-8,0,-18,-3,-6,0,0,0,0,0,0,0,-22,0,0,0,0,0,0,0,0,0,0,0,0,0,0,0,0,0,0,0,-56,0,-63,-35,-64,0,-327,-331,-433,-414,-397,-380,-1437,-1430,-29986,-29987,-29997,-29998,-29999]} 1. d4 f5 2. g3 Nf6 3. Bg2 e6 4. Nf3 d5 5. O-O Bd6 6. b3 O-O 7. Ba3 {A81: Dutch Defence: 2 g3} (7. c4 c6 8. Ba3 Bxa3 9. Nxa3 b6 10. Rc1 Bb7 11. Nc2 Nbd7 12. Nce1 dxc4 13. bxc4 Qe7 14. Nd3 c5 15. e3 Rac8 16. Qa4 Bc6 17. Qa3 Rfe8 {½-½ (40) Matlakov,M (2694)-Vallejo Pons,F (2711) Tallinn 2016}) 7... b6 8. Bxd6 cxd6 9. c4 {The position is equal.} Bb7 10. Nc3 Ne4 11. Rc1 Nd7 $146 (11... dxc4 12. bxc4 Nd7 13. Qb3 {½-½ (43) Ristic,N (2465)-Dgebuadze,A Groningen 1989}) 12. cxd5 Nxc3 13. Rxc3 Bxd5 14. Qc2 Nf6 15. Qb2 b5 16. Ne1 Qb6 17. Rc1 a5 18. Bxd5 Nxd5 ({But not} 18... exd5 19. Nd3 $14) 19. Ng2 b4 20. Nf4 Nxf4 21. gxf4 Rac8 22. Qd2 Qb5 23. Qe3 Qd5 24. f3 h6 25. Kh1 Kh7 26. Qd3 Qb7 27. Rfd1 Rxc1 28. Rxc1 Rc8 29. Rxc8 Qxc8 $11 {[%mdl 4096] Endgame KQ-KQ} 30. d5 Qc1+ 31. Kg2 Qxf4 32. dxe6 Qe5 33. Qc4 Kg6 34. Kf1 Kf6 35. Qc8 $1 d5 36. Qd7 {Hoping for Qf7+.} Qxe6 37. Qd8+ Kg6 38. Qxa5 Qd6 39. Qb5 Kh5 40. Qe8+ (40. Qd3 $11) 40... g6 (40... Kh4 $1 $15) 41. Qb5 (41. Kg2 $11) 41... Kh4 $1 $15 42. Kg2 d4 (42... Qe7 $1 $15) 43. Qe8 $2 {[%mdl 8192]} (43. Qc4 $1 $11) 43... Qf6 $19 44. Qb8 Qg5+ 45. Kf1 {[#]} Kh3 $1 46. Qxb4 $2 (46. Qd6 h5 47. Qxd4 (47. Qxb4 $2 Kxh2 48. e4 dxe3 $19)) 46... Kxh2 {[%csl Gh2][%cal Rg5g1]} 47. Qd6+ {[#]} Kh1 $1 {[%csl Gh1][%cal Rg5g1] Black mates.} 48. Qxd4 Qc1+ 49. Kf2 Qg1# {Precision: White = 63%, Black = 54%.} 0-1

[Event "BL 2016-17"]
[Site "Berlin"]
[Date "2017.05.01"]
[Round "15"]
[White "Spitzl, Vinzent"]
[Black "Zeller, Frank"]
[Result "1-0"]
[WhiteElo "2280"]
[BlackElo "2390"]
[Annotator "ChessBase"]
[PlyCount "65"]
[EventDate "2017.??.??"]
[EventType "team-tourn"]
[EventCountry "GER"]
[SourceTitle "playchess.com"]
[Source "ChessBase"]
[SourceQuality "1"]
[WhiteTeam "Griesheim"]
[BlackTeam "Schwäbisch Hall"]
[TimeControl "40/6000+30:3000+30"]

1. e4 {[%emt 0:00:00]} e5 {[%emt 0:00:13]} 2. Nf3 {[%emt 0:00:00]} Nc6 {[%emt 0:00:07]} 3. Bb5 {[%emt 0:00:00]} a6 {[%emt 0:00:17]} 4. Ba4 {[%emt 0:00:00]} d6 {[%emt 0:00:18]} 5. O-O {[%emt 0:01:11]} Bg4 {[%emt 0:00:23]} 6. h3 {[%emt 0:01:35]} h5 {[%emt 0:00:32]} 7. Bxc6+ {[%emt 0:01:46]} bxc6 {[%emt 0:01:24]} 8. d4 {[%emt 0:00:56]} Qf6 {[%emt 0:00:52]} 9. Nbd2 {[%emt 0:00:30]} g5 {[%emt 0:01:46]} 10. dxe5 {[%emt 0:00:28]} dxe5 {[%emt 0:00:13]} 11. Nc4 {[%emt 0:00:43]} Bxf3 {[%emt 0:01:00]} 12. Qxf3 {[%emt 0:00:53]} Qxf3 {[%emt 0:00:18]} 13. gxf3 {[%emt 0:00:09]} f6 {[%emt 0:00:08]} 14. Be3 {[%emt 0:00:41]} O-O-O {[%emt 0:02:43]} 15. Na5 {[%emt 0:03:26]} Ne7 {[%emt 0:33:42]} 16. Rfd1 {[%emt 0:03:47]} Rd6 {[%emt 0:14:59]} 17. Kf1 {[%emt 0:05:31]} Re6 {[%emt 0:02:50]} 18. Rd3 {[%emt 0:04:07]} Ng6 {[%emt 0:00:21]} 19. Rc3 {[%emt 0:09:47]} g4 {[%emt 0:08:33]} 20. hxg4 {[%emt 0:00:53]} hxg4 {[%emt 0:00:13]} 21. Ke2 {[%emt 0:00:33]} gxf3+ {[%emt 0:10:26]} 22. Kxf3 {[%emt 0:01:19]} Kd7 {[%emt 0:13:29]} 23. Rd1+ {[%emt 0:04:51]} Bd6 {[%emt 0:00:24]} 24. Rxc6 {[%emt 0:02:28]} Rh3+ {[%emt 0:02:06]} 25. Kg2 {[%emt 0:02:04]} Rh4 {[%emt 0:01:03]} 26. c4 {[%emt 0:01:40]} Ne7 {[%emt 0:05:30]} 27. Rxa6 {[%emt 0:00:57]} f5 {[%emt 0:00:32]} 28. c5 {[%emt 0:07:30]} Rg6+ {[%emt 0:01:31]} 29. Kf3 {[%emt 0:06:24]} Rxe4 {[%emt 0:04:17]} 30. cxd6 {[%emt 0:01:46]} cxd6 {[%emt 0:00:19]} 31. Nb7 {[%emt 0:03:13]} Rb4 {[%emt 0:01:29]} 32. Nxd6 {[%emt 0:02:16]} Kc7 {[%emt 0:02:00]} 33. Ra7+ {[%emt 0:01:00]} 1-0

[Event "BL 2016-17"]
[Site "Berlin"]
[Date "2017.05.01"]
[Round "15"]
[White "Giemsa, Stephan"]
[Black "Koop, Thorben"]
[Result "1-0"]
[WhiteElo "2256"]
[BlackElo "2398"]
[Annotator "NA"]
[PlyCount "99"]
[EventDate "2017.??.??"]
[EventType "team-tourn"]
[EventCountry "GER"]
[SourceTitle "playchess.com"]
[Source "ChessBase"]
[SourceQuality "1"]
[WhiteTeam "König Tegel"]
[BlackTeam "Werder Bremen"]
[TimeControl "40/6000+30:3000+30"]

1. d4 {[%emt 0:00:00]} Nf6 {[%emt 0:01:05]} 2. c4 {[%emt 0:00:00]} g6 {[%emt 0:01:27]} 3. Nc3 {[%emt 0:00:00]} d5 {[%emt 0:00:20]} 4. cxd5 {[%emt 0:00:03]} Nxd5 {[%emt 0:00:06]} 5. e4 {[%emt 0:00:06]} Nxc3 {[%emt 0:00:21]} 6. bxc3 {[%emt 0:00:07]} Bg7 {[%emt 0:00:52]} 7. Be3 {[%emt 0:00:18]} c5 {[%emt 0:01:58]} 8. Rc1 {[%emt 0:00:14]} Qa5 {[%emt 0:05:06]} 9. Qd2 {[%emt 0:00:50]} cxd4 {[%emt 0:06:44]} 10. cxd4 {[%emt 0:00:16]} Qxd2+ {[%emt 0:00:46]} 11. Bxd2 {[%emt 0:00:10]} O-O {[%emt 0:02:53] D85: Exchange Grünfeld: Unusual White 7th moves and lines with 7 Nf3} 12. Nf3 {[%emt 0:00:18]} e6 {[%emt 0:03:36]} 13. Bb5 {[%emt 0:01:17]} Nc6 {[%emt 0:04:19]} 14. Bxc6 {[%emt 0:02:44]} bxc6 {[%emt 0:00:16]} 15. O-O {[%emt 0:00:35]} Rb8 {[%emt 0:12:47] LiveBook: 3 Games} 16. a3 {[%emt 0:38:09] [#]} Rb2 $146 ({Predecessor:} 16... Ba6 17. Rfe1 Bb5 18. Bb4 Rfd8 19. Bc5 {½-½ (37) Parligras,M (2584)-Ragger,M (2695) Germany 2015}) 17. Bb4 {[%emt 0:00:30]} Rd8 18. Rfe1 {[%emt 0:00:30]} Bb7 19. Bc5 a5 20. Rb1 {[%emt 0:24:07]} Rxb1 {[%emt 0:36:06]} 21. Rxb1 {[%emt 0:00:07]} Ba6 {[%emt 0:00:34]} 22. Rb6 {[%emt 0:13:20]} Bb5 {[%emt 0:06:32]} 23. h4 {[%emt 0:01:57]} h6 {[%emt 0:02:40]} 24. Ne5 {[%emt 0:04:30]} f5 {[%emt 0:13:03]} 25. Nxc6 {[%emt 0:12:55]} Bxc6 {[%emt 0:01:10]} 26. Rxc6 {[%emt 0:00:05]} Bxd4 {[%emt 0:01:27]} 27. Bxd4 {[%emt 0:00:51]} Rxd4 {[%emt 0:00:04]} 28. Rxe6 {[%emt 0:00:16]} Rxe4 {[%emt 0:04:44]} 29. Rxg6+ {[%emt 0:02:08]} Kh7 {[%emt 0:00:04]} 30. h5 {[%emt 0:00:37]} f4 {[%emt 0:01:12]} 31. Rf6 {[%emt 0:01:14]} Re5 {[%emt 0:01:07]} 32. Rf7+ {[%emt 0:01:04]} Kg8 {[%emt 0:00:20]} 33. Rxf4 {[%emt 0:00:07]} Rxh5 {[%emt 0:00:04]} 34. a4 {[%emt 0:01:11]} Kg7 {[%emt 0:02:07]} 35. g3 {[%emt 0:01:20]} Rc5 {[%emt 0:01:08]} 36. Kg2 {[%emt 0:00:57]} Kg6 {[%emt 0:00:41]} 37. Kf3 {[%emt 0:00:50]} Re5 {[%emt 0:01:57]} 38. Rc4 {[%emt 0:01:14]} Kg5 {[%emt 0:00:46]} 39. Rg4+ {[%emt 0:01:22]} Kf5 {[%emt 0:00:26]} 40. Rf4+ $2 {[%emt 0:00:36]} (40. Rd4 $18) 40... Kg6 {[%emt 0:50:30]} 41. Re4 {[%emt 0:52:45]} Rc5 {[%emt 0:01:06]} 42. Re6+ {[%emt 0:00:00]} Kg7 {[%emt 0:00:00]} 43. Ra6 {[%emt 0:00:00]} Rc3+ {[%emt 0:00:00]} 44. Kg2 {[%emt 0:00:00]} Rc5 $1 {[%emt 0:00:00]} 45. Kh3 {[%emt 0:00:00]} Rh5+ {[%emt 0:00:00]} 46. Kg2 $2 {[%emt 0:00:00]} (46. Kg4 $18 Rc5 47. f4) 46... Rc5 {[%emt 0:00:00]} 47. f4 {[%emt 0:00:00]} h5 {[%emt 0:00:00]} 48. Kh3 {[%emt 0:00:00]} Rd5 {[%emt 0:00:00]} 49. Kh4 {[%emt 0:00:00]} Rc5 {[%emt 0:00:00]} 50. Re6 $18 {[%emt 0:00:00]} 1-0